|
|
|
|
| LEADER |
02168nam a2200469 a 4500 |
| 001 |
nkc20051631379 |
| 003 |
CZ PrNK |
| 005 |
20090528113239.0 |
| 007 |
ta |
| 008 |
051115s2005 xr a e p 000 0 cze |
| 015 |
|
|
|a cnb001631379
|
| 020 |
|
|
|a 80-213-1406-0
|q (brož.) :
|c Kč 102,00
|
| 020 |
|
|
|a 978-80-213-1406-1
|q (dotisk ;
|q brož.) :
|c Kč 132,00
|
| 035 |
|
|
|a (OCoLC)85717151
|
| 040 |
|
|
|a OLA001
|b cze
|d ABA001
|
| 072 |
|
7 |
|a 339.5
|x Zahraniční obchod. Mezinárodní obchod
|2 Konspekt
|9 4
|
| 072 |
|
7 |
|a 37.016
|x Učební osnovy. Vyučovací předměty. Učebnice
|2 Konspekt
|9 22
|
| 080 |
|
|
|a 339.5
|2 MRF
|
| 080 |
|
|
|a (075.8)
|2 MRF
|
| 100 |
1 |
|
|a Hes, Aleš
|7 ola2003206341
|4 aut
|
| 245 |
1 |
0 |
|a Základy mezinárodního obchodu /
|c Aleš Hes
|
| 250 |
|
|
|a Vyd. 3., přeprac.
|
| 260 |
|
|
|a V Praze :
|b Česká zemědělská univerzita, Provozně ekonomická fakulta,
|c 2005
|
| 300 |
|
|
|a 220 s. :
|b il. ;
|c 29 cm
|
| 500 |
|
|
|a Dotisk r. 2007 (200 výt.), 2. dotisk r. 2008 (200 výt.), 3. dotisk r. 2008 (Kč 122,00, 300 výt.)
|
| 500 |
|
|
|a Pod názvem: Česká zemědělská univerzita v Praze, Provozně ekonomická fakulta, katedra obchodu a financí
|
| 500 |
|
|
|a 400 výt.
|
| 504 |
|
|
|a Obsahuje bibliografii
|
| 521 |
8 |
|
|a Určeno pro posluchače všech oborů ČZU v Praze
|
| 650 |
0 |
7 |
|a mezinárodní obchod
|7 ph115283
|2 czenas
|
| 650 |
0 |
9 |
|a international trade
|2 eczenas
|
| 655 |
|
7 |
|a učebnice vysokých škol
|7 fd133772
|2 czenas
|
| 655 |
|
9 |
|a textbooks (higher)
|2 eczenas
|
| 710 |
2 |
|
|a Česká zemědělská univerzita v Praze.
|b Katedra obchodu a financí
|7 kn20020321631
|
| 856 |
4 |
1 |
|u http://www.digitalniknihovna.cz/mzk/uuid/uuid:6f96c740-03f6-11e7-aa6c-005056827e52
|y Digitalizovaný dokument
|x NDK
|
| 910 |
2 |
|
|a BOA001
|b 3-1163.292
|
| 990 |
|
|
|a BK
|
| 995 |
|
|
|a 01
|
| 991 |
|
|
|b 200602
|c NOV
|
| 996 |
6 |
|
|b 2610270254
|c 3-1163.292
|l MZK
|r Sklad / do 1 hodiny
|n 0
|p p.v.
|w 000805394
|u 000010
|a 1
|e BOA001
|j MZK50
|s P
|
| 996 |
7 |
|
|b 2610307034
|c 3-1163.292
|l MZK
|r Sklad / do 1 hodiny
|n 11
|p p.v. 1. dotisk 2007
|w 000805394
|u 000020
|a 1
|e BOA001
|j MZK50
|s A
|
| 996 |
7 |
|
|b 2610378648
|c 3-1163.292
|l MZK
|r Sklad / do 1 hodiny
|n 13
|p p.v.
|w 000805394
|u 000030
|a 1
|e BOA001
|j MZK50
|s A
|